Tocaia grande /
Gardado en:
| Autor Principal: | |
|---|---|
| Formato: | Desconocido |
| Idioma: | Spanish |
| Publicado: |
[Lugar de publicación no identificado] :
Editorial Arte y Literatura,
1990.
|
| Materias: | |
| Etiquetas: |
Engadir etiqueta
Sen Etiquetas, Sexa o primeiro en etiquetar este rexistro!
|
MARC
| LEADER | 000000000a22000000004500 | ||
|---|---|---|---|
| 001 | 001919 | ||
| 041 | 0 | |a spa | |
| 082 | 0 | 4 | |a Br869.34 |b A481tc |
| 100 | 1 | |a Amado, Jorge | |
| 245 | 1 | 0 | |a Tocaia grande / |c Jorge Amado. |
| 260 | 1 | |a [Lugar de publicación no identificado] : |b Editorial Arte y Literatura, |c 1990. | |
| 300 | |a 566 páginas | ||
| 650 | 4 | |a LITERATURA BRASILEÑA | |
| 650 | 4 | |a NOVELA | |
| 999 | |c 8565 |d 8565 | ||
| 942 | |c BK |h Br869.34 A481tc |2 z | ||
